000 00369pab a2200145 454500
008 180718b1987 xxu||||| |||| 00| 0 eng d
100 _aKraynak, Robert P.
245 _aTocqueville's constitutionalism
260 _c1987
300 _a1175-95
362 _aDec.
650 _aConstitutional Law - U.S.A.
773 _aAmerican Political Science Review
909 _a6529
999 _c6529
_d6529